Ssaki wodne według zdjęcia - Statystyki

Ogólne statystyki
  • Ten quiz został rozwiązany 2 004 razy
  • Średni wynik to 9 z 15
Statystyki odpowiedzi
Obrazkowy Odpowiedź % Poprawnych
Hipopotam
99%
Orka
99%
Mors
96%
Niedźwiedź polarny
93%
Bóbr
83%
Dziobak
77%
Narwal
51%
Lew morski
47%
Kaszalot
42%
Słoń morski
42%
Manat
32%
Białucha
29%
Humbak
28%
Butlonos
24%
Amfitryta
17%
Nie znaleziono quizów pasujących do podanych kryteriów
Rozkład punktacji
Procent ludzi z każdym wynikiem
Percentyl według liczby udzielonych odpowiedzi
Twoja historia wyników
Nie rozwiązałeś tego quizu